Fnaf 1 A-Z - Statistics

General Stats
  • This quiz has been taken 210 times
  • The average score is 13 of 21
Answer Stats
Letter Hint Answer % Correct
A William's last name Afton
99%
B Guitarist of the band Bonnie
99%
C Backup singer of the band Chica
98%
F Lead singer of the band Freddy
94%
G Animatronic that holds Cassidy's spirit Golden Freddy
90%
K Room with a malfunctioning camera Kitchen
77%
M Freddy's accessory Microphone
76%
N Player's occupation Night Guard
70%
O Player's main room Office
70%
P Where Foxy resides Pirate's Cove
69%
T What do Freddy and Bonnie wear Tie
67%
U State where FNAF takes place Utah
65%
J Children soul inside Bonnie Jeremy
59%
I 1/1000 chance hallucination It's Me
37%
S Where the animatronics stand Show Stage
31%
H City where FNAF takes place Hurricane
29%
E Secret easter egg Endo 01
28%
L The removed beaver animatronic was based on Chipper. What was his occupation Lumberjack
27%
D The desk item that returns in every game Desk Fan
26%
R One of the rooms Restrooms
25%
W Scrapped animatronic animal (later used in TTO) Wolf
20%
No matching quizzes found
Score Distribution
Percent of People with Each Score
Percentile by Number Answered
Your Score History
You have not taken this quiz